000 01188nam a22003377a 4500
003 CHAP
005 20220329143603.0
008 100727s1985 mx a r 00010 spa d
010 _a98907
011 _a99879
020 _a9684451288
035 _a110565
040 _cCHAP
082 1 4 _a615.882
_bL52
100 1 _aLefort, José.
_965636
245 1 0 _aTratamientos naturales del dolor :
_blos métodos analgésicos naturales y ortobiológicos para vencer el dolor físico, sin dependencia ni toxicidad
_c/por José Lefort
260 _aMéxico, D. F. :
_bEDAF,
_c1985
300 _a166 p. :
_bilus.
534 _ptit original
_tTraitements naturels de la douleur
590 _aBATCH-UPD
_b10
_c20130110
_lUCH01
_h1137
590 _aBATCH-UPD
_b10
_c20130410
_lUCH01
_h0724
590 _aBATCH-UPD
_b10
_c20130914
_lUCH01
_h0743
590 _aCONVERSION
_b10
_c20130109
_lUCH01
_h1355
650 1 4 _aBotánica médica.
_914680
650 1 4 _aMedicina alternativa.
_973914
650 1 4 _aMedicina tradicional.
_973921
650 1 4 _aTerapéutica fisiológica.
_9112346
901 _aBK
942 _cLIBRO
949 _a615.882 L52
_bBC
_cLIBRO
_d33724002172405
_eLIBRO
_gI.c/e
_h112997
_i110565
_sb
999 _c98907
_d98907